| Tag |
First Indicator |
Second Indicator |
Subfields |
| LEADER |
00000pam a2200000 i 4500 |
| 001 |
in00000021018 |
| 005 |
20200418063602.0 |
| 008 |
800102s1980 nyu b 10110 eng |
| 010 |
|
|
|a 79027633
|
| 020 |
|
|
|a 0306404206
|
| 035 |
|
|
|a (OCoLC)05894353
|
| 035 |
|
|
|9 AAD0626AM
|
| 040 |
|
|
|a DLC
|c DLC
|d TXA
|d UtOrBLW
|
| 049 |
|
|
|a TXAM
|c [1383827]
|
| 050 |
0 |
0 |
|a QP84
|b .N32 1979
|
| 060 |
|
0 |
|a WS103 N106H 1979
|
| 082 |
0 |
|
|a 612/.6
|
| 111 |
2 |
|
|a NATO Advanced Study Institute on Human Physical Growth and Maturation: Methodologies and Factors
|d (1979 :
|c Sogesta Conference Centre, Italy)
|
| 245 |
1 |
0 |
|a Human physical growth and maturation :
|b methodologies and factors /
|c edited by Francis E. Johnston, Alex F. Roche, and Charles Susanne.
|
| 264 |
|
1 |
|a New York :
|b Plenum Press,
|c [1980]
|
| 264 |
|
4 |
|c ©1980
|
| 300 |
|
|
|a xii, 364 pages :
|b graphs ;
|c 26 cm.
|
| 336 |
|
|
|a text
|b txt
|2 rdacontent
|
| 337 |
|
|
|a unmediated
|b n
|2 rdamedia
|
| 338 |
|
|
|a volume
|b nc
|2 rdacarrier
|
| 490 |
1 |
|
|a NATO advanced study institutes series. Series A, Life sciences ;
|v v. 30
|
| 500 |
|
|
|a "Proceedings of the NATO Advanced Study Institute on Human Physical Growth and Maturation: Methodologies and Factors, held at the Sogesta Conference Centre, Urbino, Italy, May 28-June 7, 1979."
|
| 504 |
|
|
|a Includes bibliographies and index.
|
| 650 |
|
0 |
|a Human growth
|x Congresses.
|
| 650 |
|
0 |
|a Aging
|v Congresses.
|
| 650 |
|
0 |
|a Maturation (Psychology)
|x Congresses.
|
| 650 |
|
2 |
|a Growth
|x Congresses.
|
| 650 |
|
2 |
|a Human Development
|x Congresses.
|
| 700 |
1 |
|
|a Johnston, Francis E.,
|d 1931-
|
| 700 |
1 |
|
|a Roche, Alex F.,
|d 1921-2017.
|
| 700 |
1 |
|
|a Susanne, Charles.
|
| 830 |
|
0 |
|a NATO advanced study institutes series.
|n Series A,
|p Life sciences ;
|v v. 30.
|
| 999 |
|
|
|a MARS
|
| 999 |
f |
f |
|s c5fddc8c-be71-3753-b475-d88ca8415d67
|i 8ef5b5fa-04db-3b73-91a0-e37dde233fa8
|t 0
|
| 952 |
f |
f |
|p ric
|a Texas A&M University
|b Rellis Campus
|c Joint Library Facility
|d Remote Storage
|t 0
|e QP84 .N32 1979
|h Library of Congress classification
|i unmediated -- volume
|m A14804995466
|
| 998 |
f |
f |
|a QP84 .N32 1979
|t 0
|l Remote Storage
|